• 首页
  • 本馆介绍
  • 公告通知
  • 最新文献
  • 馆藏检索
  • 电子资源
  • 读者导购
  • 参考咨询
  • 我的图书馆
  • 登录
  • 详细信息显示
  • 放入我的书架
  • 预约/预借图书
  • 作者相关作品
  • 分类相关作品
  • 丛书相关作品
  • 出版社相关作品

书目信息

  • 表格格式
  • 工作单格式
  • 卡片格式
题名:
知识趣谈
    
 
作者: 多罗德尼琴 著 ;闵风路 , 杨春华 译
分册:  
出版信息: 北京   新华出版社  1981
页数: 208页
开本: 19cm
丛书名:
单 册:
中图分类: N51
科图分类:
主题词: 自然科学--丛书 , 自然科学--多卷书 , 自然科学--普及读物
电子资源:
ISBN:
000 00797nam0 2200277 45
001 0181009592
005 20060817163929.76
010    @dCNY0.55
091    @a13203.005
100    @a19950703d1981 em y0chiy0121 ea
101 1  @achi@crus
102    @aCN@b110000
105    @ay z 000yy
200 10 @a知识趣谈@Azhi shi qu tan@f(苏)А.多罗德尼琴等著@g闵凡路, 杨春华译
210    @a北京@c新华出版社@d1981
215    @a208页@d19cm
606 0  @a自然科学@x丛书
606 0  @a自然科学@x多卷书
606    @a自然科学@x普及读物
690    @aN51
701  1 @a多罗德尼琴@Aduo luo de ni qin@bА.@4著
702  0 @a闵风路@Amin feng lu@4译
702  0 @a杨春华@Ayang chun hua@4译
801  2 @aCN@bNLC@c20060817
801  0 @aCN@b上海图书馆@c20040519
905    @f3@b66084-086@dN51@e104@b66088-091@f4
    
    知识趣谈/(苏)А.多罗德尼琴等著/闵凡路, 杨春华译.-北京:新华出版社,1981
    208页;19cm
    
    
    ISBN :CNY0.55
    
●
相关链接 在E读中查询图书 在五车中查询图书 在当当中查询图书 在豆瓣中查询图书


正题名:知识趣谈     索取号:N51/104         预约/预借

序号 登录号 条形码 馆藏地/架位号 状态 备注
1 0066084   001201960   第三借阅区/ [索取号:N51/104] 在馆    
2 0066085   001201979   第三借阅区/ [索取号:N51/104] 在馆    
3 0066086   001201924   第三借阅区/ [索取号:N51/104] 在馆    
4 0066088   001201915   第三借阅区/ [索取号:N51/104] 在馆    
5 0066089   001201951   第三借阅区/ [索取号:N51/104] 在馆    
6 0066090   001201531   第三借阅区/ [索取号:N51/104] 在馆    
7 0066091   001201933   第三借阅区/ [索取号:N51/104] 在馆    
8 0066092   001939077   第三借阅区/ [索取号:N51/104] 在馆    
9 0066093   001201942   第二样本阅览室/ [索取号:N51/104] 在馆    
10 0458702   204587027   密集书库/ [索取号:N51/104] 在馆    
11 0458794   204587946   密集书库/ [索取号:N51/104] 在馆    
12 0458795   204587955   密集书库/ [索取号:N51/104] 在馆    
13 0458796   204587964   密集书库/ [索取号:N51/104] 在馆    
14 0458797   204587973   密集书库/ [索取号:N51/104] 在馆    
唐山师范学院图书馆 欢迎您!
大连网信软件有限公司© 版权所有